| 000 | 01057nam a2200277Ia 4500 | ||
|---|---|---|---|
| 008 | 130821s1992 ck gr spa | ||
| 020 | _a9589283020 | ||
| 040 |
_aCo-BoUCM _bspa |
||
| 041 | _aspa | ||
| 100 | 1 |
_aEastman, Jorge Mario _d1936- _9106959 |
|
| 245 | 1 | 3 |
_aEl narcotráfico en la región andina _cPresentación y compilación Jorge Mario Eastman ; Rubén Sánchez David |
| 260 |
_aBogotá (Colombia) _bAntares ltda _c1992 |
||
| 300 | _a268 páginas | ||
| 500 | _aIncluye índice y Anexos y est disticas | ||
| 650 | 0 | 4 |
_aCocaína _911067 |
| 650 | 0 | 4 |
_aControl de drogas y narcóticos _911879 |
| 650 | 0 | 4 |
_aCrimen organizado _zAmérica Latina _912141 |
| 650 | 0 | 4 |
_aDerecho penal _zAmérica Latina _983944 |
| 650 | 0 | 4 |
_aEconomía informal _913696 |
| 650 | 0 | 4 |
_aJurisdicción penal _zAmérica Latina _9260 |
| 650 | 0 | 4 |
_aNarcotráfico _zAmérica Latina _9103936 |
| 650 | 0 | 4 |
_aOrganismos internacionales _920845 |
| 650 | 0 | 4 |
_aProblemas sociales _922324 |
| 942 |
_cLIBRO _a16 _e1 _mE17 _2DEWEY _h364.157 |
||
| 999 |
_c3883 _d3883 |
||